000
00317nam a2200133 a 4500
005
20140414132117.0
008
111117s19uu xx 00 eng d
050
_a
REF 641.5
_b
C77 2006
100
_a
MacKintosh, Ann
245
_a
Cooking for tots and toddlers.
650
_a
650
_a
Recipe
999
_c
114962
_d
114962